Southampton F.C. Transfer Record - Statistics

General Stats
  • This quiz has been taken 276 times
    32 since last reset
  • The average score is 7 of 19
Answer Stats
Fee Signed From Player % Correct
£13M Celtic Virgil van Dijk
82%
£20M Liverpool Danny Ings
68%
£15M Blackburn Rovers Adam Armstrong
54%
£25M Arsenal Aaron Ramsdale
50%
Birmingham City Ché Adams
50%
£12.5M Celtic Victor Wanyama
50%
Manchester City Taylor Harwood-Bellis
46%
£15.4M Juventus Mario Lemina
39%
Sporting Club de Portugal Mateus Fernandes
36%
£12.8M Bayern Munich Pierre-Emile Højbjerg
36%
A.S. Roma Dani Osvaldo
29%
£16M Lille Sofiane Boufal
29%
£19M Monaco Guido Carrillo
25%
£14M Napoli Manolo Gabbiadini
25%
West Ham United Flynn Downes
21%
£16M Basel Mohamed Elyounoussi
21%
Aston Villa Cameron Archer
18%
Lazio Wesley Hoedt
14%
£13.5M Manchester City Angus Gunn
11%
No matching quizzes found
Score Distribution
Percent of People with Each Score
Percentile by Number Answered
Your Score History
You have not taken this quiz since the last reset